| 000 | 00635nam a22001937a 4500 | ||
|---|---|---|---|
| 003 | OSt | ||
| 005 | 20251105075946.0 | ||
| 008 | 251105b |||||||| |||| 00| 0 eng d | ||
| 020 | _a978-971-06-5925-8 | ||
| 040 |
_aDWCL main Lib _cOC |
||
| 082 | _aRes | ||
| 100 | _aLapid , Milagros G. | ||
| 245 |
_aECAS 8 : english communication arts and skills through afro-asian literature/ _cMilagros G. Lapid |
||
| 250 |
_aDWCL main Lib _bOC |
||
| 260 |
_aQuezon City, Philippines : _b Phoenix Publishing House, _cc2023 |
||
| 300 |
_axiv, 264 pages : _billustrations ; _c25cm. |
||
| 600 | _a 1. Afro-Asian literature | ||
| 942 |
_2ddc _cBK-0 CIRC _n0 |
||
| 999 |
_c5497 _d5497 |
||